000 00492nam a2200157 4500
001 115970
003 ES-MaACL
005 20230906190615.0
007 t|
008 061121s1966 sp r ||||1| spa d
100 1 _aOxenstierna, Eric Graf.
_988042
245 1 4 _aLos pueblos del norte /
_cEric Graf Oxenstierna ; [lo tradujo Vicente Romano García].
260 _aMadrid :
_bCastilla,
_c1966.
300 _a272 p., 104, IV lám. ;
_c27 cm +
_e1 map.
852 _aES-MaACL
_jC-31490
_bR.62132
999 _c115970
_d115970